| 000 | 00460 a2200181 4500 | ||
|---|---|---|---|
| 003 | Nust | ||
| 005 | 20230529132956.0 | ||
| 010 | _a41011010 | ||
| 040 | _cNust | ||
| 082 | _a808.83,GIB | ||
| 100 |
_aGibbs, Philip, _9112582 |
||
| 245 |
_aThe amazing summer _ba novel _cPhilip Gibbs |
||
| 260 |
_aLondon and Melbourne _b Hutchinson & co., ltd _c1941 |
||
| 300 |
_a254 p _b18 cm |
||
| 600 |
_aGibbs, Philip, _9112582 |
||
| 650 |
_anovel _92525 |
||
| 942 |
_2ddc _cBK |
||
| 999 |
_c186883 _d186883 |
||